000 00493nam a2200169 4500
005 20260307181004.0
008 260307b |||||||| |||| 00| 0 eng d
020 _a978-93-91558-04-8
041 _aMarathi
082 _a891.46 GOD B12247
100 _aगोडबोले , अरविंद
_995903
245 _aसावरकर विचारदर्शन
260 _aPune
_bBharatiya Vichar Sadhana
_c2021
300 _a342p
_bpb
365 _aRupaye
_b300
_cINR
942 _cBK
999 _c370596
_d370596